Rendeltetéses javak
Elmentve itt :
| Dokumentumtípus: | Cikk |
|---|---|
| Megjelent: |
1932
|
| Sorozat: | Polgári jog : a hazai és külföldi magánjog és hiteljog szemléje
8 |
| Kulcsszavak: | Jogélet Magyarország 1932 |
| Online Access: | http://misc.bibl.u-szeged.hu/12139 |
| LEADER | 00551nab a2200157 i 4500 | ||
|---|---|---|---|
| 001 | misc12139 | ||
| 005 | 20191106142439.0 | ||
| 008 | 170607s1932 hu o 0|| hun d | ||
| 040 | |a SZTE Miscellanea Repozitórium |b hun | ||
| 041 | |a hun | ||
| 245 | 0 | 0 | |a Rendeltetéses javak |h [elektronikus dokumentum] |
| 260 | |c 1932 | ||
| 300 | |a 297-298q | ||
| 490 | 0 | |a Polgári jog : a hazai és külföldi magánjog és hiteljog szemléje |v 8 | |
| 695 | |a Jogélet Magyarország 1932 | ||
| 856 | 4 | 0 | |u http://misc.bibl.u-szeged.hu/12139/1/polgari_jog_1932_297-298q.pdf |z Dokumentum-elérés |